00727cam a22002411 4500001001300000003000400013005001700017008004100034010001700075025001900092035002000111040001800131042001200149050001500161100003600176245008400212260002300296300001800319440005600337500001700393650003900410650003600449sa 67007509 DLC20260227112416.0870902s1966 ii 000 0 eng  asa 67007509  aPL480:I-E-7400 a(OCoLC)16632739 aDLCcWaUdDLC apremarc00aPK423b.O21 aOak, Purushottam Nagesh,d1917-10aIndian Kshatriyas once ruled from Bali to Baltic & Korea to Kaba,cby P.N. Oak. a[New Delhi]c1966. a24 p.c25 cm. 0aRai Bahadur Edal Singh memorial lectures,vseries 2 aCover title. 0aSanskrit languagexWordsxHistory. 0aCivilizationxHindu influences.